000 01369cam a22003254a 4500
001 14456000
005 20221011120611.0
008 060717s2006 nyu b 001 0 eng
010 _a 2006023496
020 _a0415976553 (hardback : alk. paper)
040 _aDLC
_cDLC
_dDLC
043 _aa-cc---
050 0 0 _aHM851
_b.T35 2006
082 0 0 _a303.48330951
_bTAI
100 1 _aTai, Zixue.
_999849
245 1 4 _aThe Internet in China :
_bcyberspace and civil society /
_cZixue Tai.
260 _aNew York :
_bRoutledge,
_cc2006.
300 _axxii, 365 p. ;
_c24 cm.
490 0 _aRoutledge studies in new media and cyberculture
504 _aIncludes bibliographical references (p. 315-340) and index.
650 0 _aInternet
_xSocial aspects
_zChina.
_999850
650 0 _aInternet
_xPolitical aspects
_zChina.
_999851
650 0 _aCivil society
_zChina.
_999852
650 0 _aInformation policy
_zChina.
_999853
856 4 1 _3Table of contents only
_uhttp://www.loc.gov/catdir/toc/ecip0618/2006023496.html
856 4 2 _3Publisher description
_uhttp://www.loc.gov/catdir/enhancements/fy0664/2006023496-d.html
906 _a7
_bcbc
_corignew
_d1
_eecip
_f20
_gy-gencatlg
942 _2ddc
_cBK
999 _c591673
_d591673